000 02183na a2200433 4500
999 _c9126
_d9126
001 19687
003 MIRAKIL
005 20210322152854.0
008 170126b tu 000 0
035 _a19687
040 _aTR-AnCHP
_btur
_cTR-AnCHP
041 _atur
082 _aCHP 324.2372
_bC36ç 2011
090 _aBROŞÜR 103
110 _aCumhuriyet Halk Partisi (CHP)
_bBilim, Yönetim ve Kültür Platformu
222 _aÇevre programı
245 _aKüresel iklim değişikliği
_bHerkes için sürdürülebilir kalkınma
_cCHP Bilim, Yönetim ve Kültür Platformu
246 _aHerkes için sürdürülebilir kalkınma
260 _aAnkara
_bCHP
_c2011
300 _a51 s.
_brnkl. tbl. ; grf. ; res.
_c21 sm.
440 _aCumhuriyet Halk Partisi yayınları
_pHerkes için CHP dizisi
_vProgramlar
490 _aCHP Bilim, Yönetim ve Kültür Platformu çalışmaları
_v11
505 _aDünyada ve Türkiye'de gençlik ve gençlik politikaları - Cumhuriyet Halk Partisi'nin gençlik yaklaşımı -- Türkiye'de gençlerin temel sorunları ve çözüm önerileri - Görülmeyen gençleri görmek - Gençlik politikası için kurumsal yapı ve politika araçları
600 _aKılıçdaroğlu, Kemal
_cCHP Genel Başkanı
_xSeçim kampanyaları, 2011
_yÇevre politikaları
600 _aKılıçdaroğlu, Kemal
_xPropaganda ve ideolojiler
_yÇevre politikaları
610 _aCHP
_xPropaganda ve ideolojiler
_yKılıçdaroğlu dönemi
_yGenel seçimler, 2011
610 _aCHP
_xSeçim kampanyaları, 2011
_yÇevre politikaları
610 _aCHP
_xProgramlar, 2011
_yÇevre politikaları
_ySürdürülebilir kalkınma
610 _aCHP
_xÇevre sorunları
_ySürdürülebilir kalkınma
_yÇözüm önerileri
651 _aTürkiye
_xSiyaset ve yönetim
_y2011-2015
710 _aCumhuriyet Halk Partisi (CHP)
_bBilim, Yönetim ve Kültür Platformu
740 _aHerkes için sürdürülebilir kalkınma
830 _aCHP programları
830 _aHerkes için CHP dizisi
942 _cBKS
999 _d9126